000 00732nam0a22002291 4500
001 rc\653872
005 20031121165126.7
035 _a(NLR Aleph) 005893698
090 _a6204163
_c6204163
100 _a20031121d1986 u |0rusy50 ca
101 0 _arus
102 _aRU
105 _aa |||||||||
200 1 _aЕздим, плаваем, летаем
_e[Книжка-игрушка
_eДля мл. шк. возраста
_fХудож. А. Беслик]
210 _aМ.
_cМалыш
_d1986
215 _a[28] с., [2] л. цв. ил.
_d28
700 1 _aТюрин
_bВ. М.
_f1929-
_gВладимир Михайлович
801 0 _aRU
_bNLR
_gpsbo
801 1 _aRU
_bELAR
_2rusmarc
852 _aNLR
_j87-8/591
942 _cBOOK
980 _aNB